000 00276nam a2200121Ia 4500
008 220204s9999 xx 000 0 und d
082 _a641.5(5)
_bPAS
100 _aJacki
245 0 _aAll Asian cook book
260 _aLondon
_bSpring
_c1978
650 _aCooking
942 _cBK
999 _c32783
_d32783